| 000 | 00420nam a22001457a 4500 | ||
|---|---|---|---|
| 020 | _a9789693521160 | ||
| 040 | _cNUST | ||
| 082 |
_a891.4393 _bAZE |
||
| 100 |
_aAzeem Beg Chughtai, Mirza _981521 |
||
| 245 |
_aMajmuah Mirza Azeem Baig Chughatai _bMazameen, Dastaan, Dramay, Afsanay |
||
| 260 |
_aLAHORE _bSang-E-Meel Publications _c2008 |
||
| 300 | _b672P | ||
| 650 | _2Urdu Literature-Short Stories | ||
| 942 |
_2ddc _cBK |
||
| 999 |
_c585866 _d585866 |
||